Этика деловых отношений (Запись № 1445258)

Подробности
000 -МАРКЕР
контрольное поле 02213nam0a2200409 4500
001 - ИДЕНТИФИКАТОР ЗАПИСИ
контрольное поле RU\NLR\bibl\856464
005 - ИДЕНТИФИКАТОР ВЕРСИИ
контрольное поле 20260406082835.0
010 ## - МЕЖДУНАРОДНЫЙ СТАНДАРТНЫЙ НОМЕР КНИГИ (ISBN)
Номер (ISBN) 5-16-001082-3
Тираж 100000
021 ## - НОМЕР ГОСУДАРСТВЕННОЙ РЕГИСТРАЦИИ
Код страны Российская Федерация
Номер 2005-30906
Номер Листа государственной регистраци 1547
035 ## - ДРУГИЕ СИСТЕМНЫЕ НОМЕРА
Идентификатор записи (nilc)RSL-KNO-002605198
035 ## - ДРУГИЕ СИСТЕМНЫЕ НОМЕРА
Идентификатор записи (NLR Aleph) 000845180
100 ## - ДАННЫЕ ОБЩЕЙ ОБРАБОТКИ
Данные общей обработки 20050524d2005 |||y0rusy50 ca
101 0# - ЯЗЫК РЕСУРСА
Язык текста, звукозаписи и т.д. русский
102 ## - СТРАНА ПУБЛИКАЦИИ ИЛИ ПРОИЗВОДСТВА
Страна публикации Российская Федерация
105 ## - ПОЛЕ КОДИРОВАННЫХ ДАННЫХ: ТЕКСТОВЫЕ МАТЕРИАЛЫ, МОНОГРАФИЧЕСКИЕ
Кодированные данные о монографическом текстовом документе c |||||||||
106 ## - ПОЛЕ КОДИРОВАННЫХ ДАННЫХ: ТЕКСТОВЫЕ РЕСУРСЫ – ФОРМА
Форма ресурса: кодированные данные: обозначение носителя r
200 1# - ЗАГЛАВИЕ И СВЕДЕНИЯ ОБ ОТВЕТСТВЕННОСТИ
Основное заглавие Этика деловых отношений
Сведения, относящиеся к заглавию учеб. для студентов вузов, обучающихся по специальности "Упр. персоналом"
Первые сведения об ответственности А.Я. Кибанов, Д.К. Захаров, В.Г. Коновалова
Последующие сведения об ответственности М-во образования Рос. Федерации, Воронеж. гос. техн. ун-т
210 ## - ПУБЛИКАЦИЯ, РАСПРОСТРАНЕНИЕ И ДР.
Место издания, распространения и т.д. М.
Имя издателя, распространителя и т. д. Инфра-М
Дата издания, распространения и т.д. 2005
Место изготовления Н.Новгород
Имя изготовителя ГИПП Нижполиграф
215 ## - ФИЗИЧЕСКАЯ ХАРАКТЕРИСТИКА
Специфическое обозначение материала и объем 366, [1] с., [1] л. цв. портр.
Размеры 22
225 1# - СЕРИЯ
Основное заглавие серии Высшее образование
300 ## - ОБЩИЕ ПРИМЕЧАНИЯ
Текст примечания Посвящается 85-летию Гос. ун-та упр.
320 ## - ПРИМЕЧАНИЯ О НАЛИЧИИ В ДОКУМЕНТЕ БИБЛИОГРАФИИ / УКАЗАТЕЛЯ
Текст примечания Библиогр.: с. 361-364 (83 назв.) и в подстроч. прим.
606 1# - НАИМЕНОВАНИЕ ТЕМЫ КАК ПРЕДМЕТ
Наименование темы Деловая этика
Формальный подзаголовок Учебники для высших учебных заведений
Системный номер авторитетной/нормативной записи 2213569
Идентификатор авторитетной/нормативной записи RU\NLR\auth\661329630
610 0# - НЕКОНТРОЛИРУЕМЫЕ ПРЕДМЕТНЫЕ ТЕРМИНЫ
Предметный термин Философские науки -- Этика -- Этика общественных институтов и отдельных областей жизни и деятельности -- Профессиональная этика
686 ## - ИНДЕКСЫ ДРУГИХ КЛАССИФИКАЦИЙ
Индекс Ю715.4я73-1
Код системы
686 ## - ИНДЕКСЫ ДРУГИХ КЛАССИФИКАЦИЙ
Индекс Ю705.4я73
686 ## - ИНДЕКСЫ ДРУГИХ КЛАССИФИКАЦИЙ
Индекс С550.422.1я73
700 #1 - ИМЯ ЛИЦА - ПЕРВИЧНАЯ ОТВЕТСТВЕННОСТЬ
Код отношения Автор
Графика поля Кириллица
Материалы, к которым относится поле rus
Начальный элемент ввода Кибанов
Часть имени, кроме начального элемента ввода А. Я.
Даты 1939-2015
Расширение инициалов личного имени Ардальон Яковлевич
Системный номер авторитетной/нормативной записи 31554
Идентификатор авторитетной/нормативной записи RU\NLR\auth\7748619
701 #1 - ИМЯ ЛИЦА - АЛЬТЕРНАТИВНАЯ ОТВЕТСТВЕННОСТЬ
Код отношения Автор
Графика поля Кириллица
Материалы, к которым относится поле rus
Начальный элемент ввода Захаров
Часть имени, кроме начального элемента ввода Д. К.
Дополнения к именам, кроме дат д-р экон. наук
Расширение инициалов личного имени Дмитрий Кириллович
Системный номер авторитетной/нормативной записи 17592
Идентификатор авторитетной/нормативной записи RU\NLR\auth\7734589
701 #1 - ИМЯ ЛИЦА - АЛЬТЕРНАТИВНАЯ ОТВЕТСТВЕННОСТЬ
Начальный элемент ввода Коновалова
Часть имени, кроме начального элемента ввода В. Г.
Расширение инициалов личного имени Валерия Германовна
Код отношения Автор
801 #0 - ИСТОЧНИК ЗАПИСИ
Страна Российская Федерация
Организация RuMoRKP
Дата составления 20050524
Правила каталогизации rcr
801 #1 - ИСТОЧНИК ЗАПИСИ
Страна Российская Федерация
Организация RuMoRGB
Дата составления 20050524
801 #2 - ИСТОЧНИК ЗАПИСИ
Страна Российская Федерация
Организация NLR
Дата составления 20051019
Правила каталогизации rcr
942 ## - ДОПОЛНИТЕЛЬНЫЕ ЭЛЕМЕНТЫ ЗАПИСИ (АБИС)
Тип экземпляра АБИС Книга
980 ## - КОЛЛЕКЦИЯ
Название коллекции Национальная библиография
Экземпляры
Тип экземпляра Дата поступления Источник поступления Библиотека постоянного хранения Библиотека текущего хранения Место хранения Шифр хранения Штрих-код Статус экземпляра
Книга 19.10.2005 Обязательный экземпляр РНБ (Московский) РНБ (Московский) Русский книжный фонд: издания с 1957 года 2005-5/7148 2021372  
Книга 19.10.2005 Обязательный экземпляр РНБ (Московский) РНБ (Московский) Русский книжный фонд: издания с 1957 года 2005-5/7148 2021373